Challenge : 100 Pokémon à deviner ! #1 - Statistiques

Statistiques générales
  • Ce quiz a été pris 126 fois
  • Le résultat moyen est 45 sur 100
Statistiques - réponses
Génération Type(s) Nombre de lettres 1ère-dernière lettre Pokémon à trouver % Correct
1G Psy 9 lettres H-E Hypnomade
75%
2G Eau / Sol 8 lettres M-E Maraiste
70%
3G Acier / Psy 9 lettres M-E Métalosse
68%
1G Combat 10 lettres C-E Colossinge
66%
1G Plante / Psy 9 lettres N-F Noeunoeuf
65%
4G Ténèbres / Glace 7 lettres D-T Dimoret
64%
3G Combat 8 lettres H-A Hariyama
64%
3G Eau / Ténèbres 8 lettres C-A Carvanha
63%
2G Combat 8 lettres D-T Débugant
63%
4G Électrik 8 lettres E-E Élekable
61%
2G Insecte / Poison 7 lettres M-S Migalos
61%
1G Eau / Vol 8 lettres L-R Léviator
60%
5G Combat 8 lettres K-E Karaclée
59%
5G Sol / Électrik 7 lettres L-E Limonde
59%
5G Acier / Insecte 7 lettres F-E Fermite
58%
6G Insecte / Vol 10 lettres P-N Prismillon
58%
1G Combat 6 lettres T-N Tygnon
58%
2G Eau / Électrik 7 lettres L-N Lanturn
56%
2G Acier / Vol 7 lettres A-E Airmure
55%
3G Glace / Eau 8 lettres P-R Phogleur
55%
6G Vol / Combat 10 lettres B-É Brutalibré
54%
7G Eau / Insecte 10 lettres T-E Tarenbulle
54%
5G Ténèbres / Vol 10 lettres V-E Vaututrice
54%
2G Plante / Vol 7 lettres C-L Cotovol
53%
2G Feu / Ténèbres 9 lettres D-E Démolosse
53%
3G Acier / Roche 7 lettres G-N Galegon
53%
2G Glace / Sol 9 lettres M-N Marcacrin
53%
3G Plante / Vol 7 lettres T-S Tropius
53%
5G Électrik 8 lettres Z-N Zébibron
53%
2G Spectre 9 lettres F-E Feuforêve
51%
2G Eau / Dragon 7 lettres H-I Hyporoi
51%
5G Spectre 10 lettres T-R Tutankafer
51%
3G Roche / Plante 7 lettres V-S Vacilys
51%
1G Eau / Psy 8 lettres R-S Ramoloss
50%
2G Insecte / Roche 8 lettres C-C Caratroc
49%
7G Poison / Feu 10 lettres M-E Malamandre
49%
5G Normal 9 lettres N-E Nanméouïe
49%
2G Poison / Vol 9 lettres N-R Nostenfer
49%
1G Plante / Poison 6 lettres O-E Ortide
49%
1G Normal 6 lettres T-S Tauros
49%
7G Dragon 10 lettres B-E Bébécaille
48%
8G Dragon / Spectre 10 lettres L-N Lanssorien
48%
8G Roche / Feu 11 lettres M-E Monthracite
48%
1G Insecte / Vol 10 lettres P-N Papilusion
48%
4G Sol / Vol 7 lettres S-L Scorvol
48%
4G Poison / Ténèbres 8 lettres D-E Drascore
46%
4G Sol 10 lettres H-S Hippodocus
46%
7G Insecte / Électrik 7 lettres L-N Lucanon
46%
3G Poison 7 lettres S-R Séviper
46%
5G Feu 10 lettres A-R Aflamanoir
45%
3G Normal 7 lettres K-N Kecleon
45%
2G Fée (Normal avant 6G) 8 lettres S-L Snubbull
45%
1G Insecte / Poison 8 lettres A-E Aéromite
44%
8G Plante / Dragon 8 lettres D-N Dratatin
44%
3G Sol / Dragon 7 lettres L-N Libégon
44%
4G Combat / Acier 7 lettres L-O Lucario
44%
4G Feu 7 lettres M-N Maganon
44%
8G Électrik / Ténèbres 7 lettres M-O Morpeko
44%
1G Sol 10 lettres S-U Sablaireau
44%
6G Roche / Eau 8 lettres O-E Opermine
43%
4G Roche / Acier 9 lettres T-E Tarinorme
43%
5G Psy 7 lettres M-A Mushana
41%
6G Ténèbres / Psy 10 lettres S-E Sépiatroce
41%
6G Feu / Normal 8 lettres N-S Némélios
40%
8G Insecte / Psy 10 lettres A-E Astronelle
39%
6G Normal / Sol 11 lettres E-E Excavarenne
39%
4G Normal 7 lettres L-N Lockpin
39%
3G Insecte / Sol 7 lettres N-E Ningale
39%
7G Poison / Eau 10 lettres V-E Vorastérie
39%
8G Glace / Insecte 10 lettres B-E Beldeneige
38%
5G Insecte / Plante 10 lettres L-E Larveyette
38%
8G Vol 10 lettres B-E Bleuseille
36%
8G Ténèbres / Fée 9 lettres A-H Angoliath
35%
8G Sol / Spectre 9 lettres T-I Tutétékri
35%
7G Psy / Spectre 6 lettres L-A Lunala
34%
5G Sol / Ténèbres 9 lettres M-N Mascaïman
34%
8G Psy / Fée 10 lettres S-E Sorcilence
34%
5G Électrik 8 lettres A-T Anchwatt
33%
5G Sol / Eau 8 lettres B-É Batracné
33%
6G Acier / Spectre 7 lettres E-E Exagide
33%
3G Insecte / Vol 8 lettres M-A Maskadra
33%
4G Spectre 9 lettres N-R Noctunoir
33%
7G Plante 8 lettres S-E Sucreine
33%
7G Insecte / Combat 10 lettres C-E Cancrelove
31%
2G Roche / Sol 8 lettres E-X Embrylex
31%
7G Plante / Fée 9 lettres L-N Lampignon
31%
3G Poison 7 lettres G-I Gloupti
29%
8G Vol / Eau 8 lettres N-R Nigosier
29%
6G Combat / Ténèbres 10 lettres P-E Pandarbare
29%
7G Insecte / Eau 8 lettres S-I Sarmurai
29%
7G Sol 9 lettres B-S Bourrinos
28%
5G Psy / Vol 9 lettres R-E Rhinolove
28%
7G Roche 7 lettres R-T Rocabot
25%
2G Eau 7 lettres S-E Suicune
25%
8G Acier 9 lettres C-I Charibari
24%
7G Plante 11 lettres F-S Floramantis
24%
3G Eau 7 lettres L-C Lovdisc
24%
8G Ténèbres 10 lettres R-D Roublenard
24%
8G Roche 6 lettres D-N Dolman
23%
2G Roche 10 lettres S-E Simularbre
20%
Aucun quiz correspondant
Distribution des résultats
% des personnes avec chaque résultat
Percentile par nombre de réponses
Votre historique - résultats
Vous n’avez pas pris ce quiz